01634nam a2200157 a 4500008004100000020001500041041000800056100002800064245009600092250001100188260003300199300001100232500012700243505109100370655001501461180206e2004 ag ||||| |||| 00| 0 spa d a9500425920 aspa1 aMiguens, José Enrique aDemocracia práctica.bPara una ciudadanía con sentido común /cJosé Enrique Miguens a1a ed. aBuenos Aires:bEmece;c2004. a275 p. aMiguens, J. E. (2004). Democracia práctica. Para una ciudadanía con sentido común. (1a ed.). Buenos Aires : Emecé. aA los pueblos que quieren recuperar el protagonismo que les corresponde como ciudadanos, suele oponérseles el argumento de que las cuestiones políticas son demasiado complejas y que sólo los técnicos son capaces de manejarlas. Este libro trata de llevar al alcance del público, en forma accesible aunque apoyándose en una sólida documentación, los principales procesos y movimientos políticos, sociales y económicos que están ocurriendo hoy en el mundo, especialmente en Argentina. José Enrique Miguens evita las abstracciones y juzga las teorías a la luz de la práctica democrática. "Si no creemos que los ciudadanos, con su sentido común y con la sabiduría que da la experiencia, pueden encontrar soluciones para los problemas que son de todos dialogando razonablemente entre ellos, no podemos seguir hablando de democracia", afirma. Democracia práctica es un libro oportuno, esclarecedor y esperanzado, que quiere contribuir a transformar a sus lectores de espectadores pasivos en ciudadanos activos, comprometidos con su destino y con su tiempo.  aLiteratura